[Event "Gibraltar Amateur op-A"]
[Site "Caleta"]
[Date "2019.01.22"]
[Round "2"]
[White "Sahil, Dhawan"]
[Black "Guegan, Michel"]
[Result "1-0"]
[WhiteElo "1843"]
[BlackElo "1708"]
[PlyCount "83"]
[EventDate "2019.01.21"]
[EventType "swiss"]
[EventRounds "5"]
[EventCountry "GGB"]
[SourceTitle "CBM 188 Extra"]
[Source "ChessBase"]
[SourceDate "2019.02.26"]
[SourceVersion "1"]
[SourceVersionDate "2019.02.26"]
[SourceQuality "1"]

1. c4 Nf6 2. Nc3 e6 3. e4 d5 4. e5 d4 5. exf6 dxc3 6. bxc3 Qxf6 7. d4 e5 8. Nf3 exd4 9. Bg5 Qg6 10. Bd3 Qh5 11. Qe2+ Be6 12. Bf5 Nc6 13. Bxe6 fxe6 14. Qxe6+ Be7 15. cxd4 Qf7 16. Qxf7+ Kxf7 17. Bxe7 Rhe8 18. 0-0 Rxe7 19. Rfe1 Rxe1+ 20. Rxe1 Rd8 21. d5 Na5 22. Ne5+ Kf6 23. f4 b5 24. cxb5 Rxd5 25. Rc1 Rxb5 26. Rxc7 Rb1+ 27. Kf2 Rb2+ 28. Kg3 h5 29. Rf7+ Ke6 30. Rxg7 Rxa2 31. Rxa7 h4+ 32. Kxh4 Rxg2 33. Rxa5 Rxh2+ 34. Kg5 Rg2+ 35. Ng4 Kf7 36. Ra7+ Kg8 37. Kf5 Rb2 38. Kg6 Kf8 39. Rf7+ Ke8 40. Nf6+ Kd8 41. Rd7+ Kc8 42. Rd3 1-0

[Event "Gibraltar Amateur op-A"]
[Site "Caleta"]
[Date "2018.01.26"]
[Round "5"]
[White "Guegan, Michel"]
[Black "Kearsley, Raymond J"]
[Result "1/2-1/2"]
[WhiteElo "1713"]
[BlackElo "1655"]
[PlyCount "61"]
[EventDate "2018.01.22"]
[EventType "swiss"]
[EventRounds "5"]
[EventCountry "GGB"]
[SourceTitle "EXT 2019"]
[Source "ChessBase"]
[SourceDate "2018.10.10"]
[SourceVersion "1"]
[SourceVersionDate "2018.10.10"]
[SourceQuality "1"]

1. d4 d5 2. Nf3 Bf5 3. c4 e6 4. Qb3 Nc6 5. c5 Rb8 6. Bf4 Nf6 7. e3 a6 8. Qa4 Qd7 9. Nc3 Be7 10. Be2 0-0 11. 0-0 h6 12. b4 Ne4 13. Nxe4 Bxe4 14. b5 axb5 15. Bxb5 Bxf3 16. gxf3 Rfd8 17. Bxc6 bxc6 18. Qc2 g5 19. Be5 f5 20. a4 Bf6 21. f4 Bxe5 22. fxe5 f4 23. Qg6+ Kh8 24. Qxh6+ Qh7 25. Qxe6 Qh5 26. h3 g4 27. hxg4 Rg8 28. Qf6+ Kh7 29. Qe7+ Kh8 30. Qf6+ Kh7 31. Qe7+ 1/2-1/2

[Event "Morbihan-ch 0607"]
[Site "Morbihan"]
[Date "2006.12.02"]
[Round "2"]
[White "Guegan, Michel"]
[Black "Le Garrec, Maxime"]
[Result "1-0"]
[WhiteElo "1830"]
[BlackElo "1610"]
[PlyCount "45"]
[EventDate "2006.10.21"]
[EventType "swiss"]
[EventRounds "7"]
[EventCountry "FRA"]
[SourceTitle "EXT 2009"]
[Source "ChessBase"]
[SourceDate "2008.11.26"]
[SourceVersion "1"]
[SourceVersionDate "2008.11.26"]
[SourceQuality "1"]

1. e4 d6 2. d4 Nf6 3. Nc3 g6 4. Nf3 Bg7 5. Be2 0-0 6. 0-0 c6 7. a4 Nbd7 8. Be3 c5 9. d5 Ng4 10. Bg5 h6 11. Bh4 Nge5 12. Nd2 g5 13. Bg3 Ng6 14. a5 a6 15. Nc4 b5 16. axb6 Nxb6 17. Na5 f5 18. exf5 Rxf5 19. Bd3 Nxd5 20. Nxd5 Rxd5 21. Bc4 e6 22. Bxd5 Rb8 23. Nc6 1-0

[Event "Morbihan-ch 0506"]
[Site "Arradon"]
[Date "2005.12.10"]
[Round "3"]
[White "Guegan, Michel"]
[Black "Pouliquen, Alain"]
[Result "1-0"]
[WhiteElo "1720"]
[BlackElo "1790"]
[PlyCount "67"]
[EventDate "2005.10.01"]
[EventType "swiss"]
[EventRounds "7"]
[EventCountry "FRA"]
[SourceTitle "EXT 2007"]
[Source "ChessBase"]
[SourceDate "2006.11.23"]
[SourceVersion "1"]
[SourceVersionDate "2006.11.23"]
[SourceQuality "1"]

1. e4 c5 2. Nf3 d6 3. d4 cxd4 4. Nxd4 Nf6 5. Nc3 e6 6. Be2 a6 7. a4 Be7 8. f4 Qc7 9. Bf3 e5 10. Nb3 Be6 11. 0-0 Nc6 12. f5 Bxb3 13. cxb3 Nb4 14. Be3 0-0 15. Rc1 Qd7 16. g4 Rfd8 17. Bb6 Rdc8 18. g5 Ne8 19. f6 gxf6 20. Bg4 Qc6 21. Nd5 Nxd5 22. Rxc6 Rxc6 23. Qxd5 Nc7 24. Bxc7 Rxc7 25. gxf6 Bf8 26. Qd2 Rd8 27. Qa5 Rdc8 28. Bxc8 Rxc8 29. Qd2 h6 30. Rc1 Re8 31. Rc7 b5 32. Qg2+ Kh8 33. Rxf7 d5 34. Rxf8+ 1-0

[Event "FRA-chT4 0506"]
[Site "Bretagne"]
[Date "2005.11.20"]
[Round "2"]
[White "Renaudin, Antonin"]
[Black "Guegan, Michel"]
[Result "0-1"]
[WhiteElo "1720"]
[BlackElo "1720"]
[PlyCount "106"]
[EventDate "2005.10.16"]
[EventType "team"]
[EventRounds "7"]
[EventCountry "FRA"]
[SourceTitle "EXT 2007"]
[Source "ChessBase"]
[SourceDate "2006.11.23"]
[SourceVersion "1"]
[SourceVersionDate "2006.11.23"]
[SourceQuality "1"]

1. e4 c5 2. Nf3 d6 3. d4 cxd4 4. Nxd4 Nf6 5. Nc3 e6 6. Be3 Be7 7. g3 a6 8. Bg2 Qc7 9. 0-0 Bd7 10. Qe2 Nc6 11. a3 Na5 12. f4 Nc4 13. f5 e5 14. Nb3 Nxb2 15. Qd2 Nc4 16. Qe1 Nxe3 17. Qxe3 Rc8 18. Nd1 Ba4 19. Nf2 0-0 20. Ra2 Rfd8 21. g4 d5 22. g5 Nxe4 23. Nxe4 dxe4 24. Kh1 Qc3 25. Qxc3 Rxc3 26. f6 Bf8 27. Bxe4 Bc6 28. Bxc6 Rxc6 29. Na5 Rc7 30. Rb1 b5 31. a4 bxa4 32. Rb6 gxf6 33. gxf6 Rd6 34. Rxd6 Bxd6 35. Rxa4 Rxc2 36. Nc4 Bc7 37. Rxa6 h5 38. Ne3 Rd2 39. Nf5 Kh7 40. Ra7 Rd1+ 41. Kg2 Rg1+ 42. Kh3 Rf1 43. Rxc7 Rxf5 44. Rxf7+ Kg6 45. Rf8 Rxf6 46. Rxf6+ Kxf6 47. Kg2 Kf5 48. Kf3 h4 49. h3 e4+ 50. Ke2 Kf4 51. Kf2 e3+ 52. Kg2 Ke4 53. Kg1 Kd3 0-1

[Event "FRA-chT4 0405"]
[Site "Bretagne"]
[Date "2005.04.03"]
[Round "7"]
[White "Drean, Philippe"]
[Black "Guegan, Michel"]
[Result "1/2-1/2"]
[WhiteElo "1760"]
[BlackElo "1760"]
[PlyCount "67"]
[EventDate "2004.04.03"]
[EventType "team"]
[EventRounds "7"]
[EventCountry "FRA"]
[SourceTitle "EXT 2007"]
[Source "ChessBase"]
[SourceDate "2006.11.23"]
[SourceVersion "1"]
[SourceVersionDate "2006.11.23"]
[SourceQuality "1"]

1. e4 d5 2. exd5 Qxd5 3. Nc3 Qa5 4. d4 c6 5. Nf3 Bg4 6. Be2 Nd7 7. 0-0 Ngf6 8. Bf4 Nh5 9. Bd2 Bxf3 10. Bxf3 Nhf6 11. Re1 Qc7 12. d5 cxd5 13. Bxd5 Rd8 14. Qe2 e5 15. Nb5 Qb6 16. Be3 Bc5 17. Bxc5 Qxc5 18. Rad1 0-0 19. Bxb7 Qb6 20. Bd5 a6 21. Nc3 Qxb2 22. Ne4 Nxd5 23. Rxd5 Nb8 24. c4 Qxe2 25. Rxe2 Rxd5 26. cxd5 Rc8 27. h3 Rc1+ 28. Kh2 Rd1 29. Rc2 Nd7 30. Rc8+ Nf8 31. d6 f5 32. d7 Rxd7 33. Nc5 Rd6 34. Ra8 1/2-1/2

[Event "Morbihan-ch 0405"]
[Site "Arradon"]
[Date "2005.01.29"]
[Round "4"]
[White "Guegan, Michel"]
[Black "Le Clanche, Joel"]
[Result "0-1"]
[WhiteElo "1760"]
[BlackElo "1820"]
[PlyCount "58"]
[EventDate "2004.10.10"]
[EventType "swiss"]
[EventRounds "7"]
[EventCountry "FRA"]
[SourceTitle "EXT 2007"]
[Source "ChessBase"]
[SourceDate "2006.11.23"]
[SourceVersion "1"]
[SourceVersionDate "2006.11.23"]
[SourceQuality "1"]

1. e4 c5 2. Nf3 d6 3. d4 cxd4 4. Nxd4 Nc6 5. Be3 Nf6 6. Nc3 e5 7. Nf3 a6 8. Be2 Be7 9. h3 b5 10. a3 Bb7 11. 0-0 Rc8 12. Nd2 0-0 13. Nb3 Na5 14. Nxa5 Qxa5 15. Bd3 Qd8 16. f4 exf4 17. Bxf4 g6 18. Rf2 d5 19. Bh6 Bc5 20. Qf3 dxe4 21. Bxe4 Nxe4 22. Nxe4 Bxe4 23. Qxe4 Re8 24. Qf3 Qc7 25. Raf1 Re7 26. c3 Rce8 27. Qf6 Qe5 28. Qxa6 Re6 29. Qb7 Rf6 0-1